| 000 | 00988pam a2200325 a 4500 | ||
|---|---|---|---|
| 001 | 426909 | ||
| 003 | OSt | ||
| 005 | 20140310182240.0 | ||
| 008 | 811209s1982 nyua j 000 1 eng | ||
| 010 | _a 81021918 | ||
| 020 | _a0671694855 | ||
| 020 |
_a0671423738 (pbk.) : _c$2.75 |
||
| 040 |
_aDLC _cDLC _dDLC |
||
| 042 | _alcac | ||
| 050 | 0 | 0 |
_aPZ 7 _b.K23 1989 |
| 082 | 0 | 0 |
_aFIC _bK25nm #66 |
| 100 | 1 |
_aKeene, Carolyn. _94653 |
|
| 245 | 1 | 0 |
_aRace against time / _cCarolyn Keene ; illustrated by Paul Frame. |
| 260 |
_aNew York : _bPocket books, _cc1989. |
||
| 300 |
_a194 p. : _bill. ; _c19 cm. |
||
| 490 | 1 |
_aNancy Drew mystery stories ; _v66 |
|
| 541 | _j1 | ||
| 562 | _e1 | ||
| 650 | 1 |
_aHorses _xFiction. _919016 |
|
| 650 | 1 |
_aMystery _xFiction. _919017 |
|
| 700 | 1 |
_aFrame, Paul, _d1913-1994, _eill. _919018 |
|
| 800 | 1 |
_aKeene, Carolyn. _tNancy Drew mystery stories ; _v66. _919019 |
|
| 906 |
_a0 _bcbc _corignew _d1 _eocip _f19 _gy-gencatlg |
||
| 942 |
_2lcc _cBK-FIC |
||
| 999 |
_c11122 _d11122 |
||